Statistics for Middle East Map Quiz in 15 Seconds

Click here to take the quiz!

General Stats

  • This quiz has been taken 88 times
  • The average score is 7 of 17

Answers on the Map

Answers color-coded by a green-red scale on the quiz's map according to % correct below.
 

Answer Stats

Answer% Correct
Egypt
87%
Turkey
87%
Cyprus
82%
Iran
77%
Iraq
72%
Kuwait
69%
Saudi Arabia
59%
Yemen
49%
Oman
38%
United Arab Emirates
26%
Qatar
18%
Bahrain
15%
Israel
10%
Jordan
10%
Syria
10%
Lebanon
8%
Palestinian Territories
8%

Score Distribution

Percentile by Number Answered

Percent of People with Each Score

Your Score History

You have not taken this quiz